Statystyki dla Stolice Azji

Kliknij tutaj aby rozwiązać quiz!

Ogólne statystyki

  • Ten quiz został rozwiązany 178 razy
  • Średni wynik to 29 z 48

Odpowiedzi na mapie

Odpowiedzi skodowane kolorowo w zielono-czerwonej skali na mapie do tego quizu, zgodnie z poniższymi procentami.
Ładowanie ...
 

Statystyki odpowiedzi

Stolica% Poprawnych
Tokio
96%
Ankara
96%
Pekin
91%
Seul
89%
Nowe Delhi
87%
Jerozolima
85%
Ułan Bator
83%
Nikozja
83%
Nur-Sułtan
83%
Pjongjang
78%
Teheran
78%
Abu Zabi
76%
Singapur
76%
Tbilisi
74%
Bangkok
72%
Baku
72%
Islamabad
70%
Bagdad
70%
Dżakarta
67%
Erywań
67%
Kuwejt
67%
Manila
65%
Damaszek
65%
Rijad
63%
Male
61%
Bejrut
61%
Kuala Lumpur
61%
Hanoi
61%
Katmandu
54%
Tajpej
54%
Dhaka
54%
Doha
54%
Amman
52%
Kabul
52%
Wientian
50%
Biszkek
50%
Sana
50%
Dili
43%
Sri Dźajawardanapura Kotte
41%
Taszkent
39%
Manama
39%
Duszanbe
37%
Maskat
37%
Aszchabad
35%
Phnom Penh
22%
Naypyidaw
22%
Bandar Seri Begawan
20%
Thimphu
17%

Rozkład punktacji

Percentyl według liczby udzielonych odpowiedzi

Procent ludzi z każdym wynikiem

Twoja historia wyników

Nie rozwiązałeś tego quizu